000 00655nam a2200277Ia 4500
008 160716s9999||||xx |||||||||||||| ||und||
040 _cHindi
082 _aVIII.D/Ramkrishnadas
082 _bBORI-92357
100 _aSwami ramkrishnadas
245 _aAhar shuddhi
260 _aGorakhpur
260 _bGovind bhavan
300 _a32
300 _cE
300 _ePaperback
530 _u00092357.pdf
563 _aStudy
600 _aSwami ramkrishnadas
630 _aAhar shuddhi
650 _a"Ayurveda,Medicine"
650 _aTechnical Science
700 _aSwami ramkrishnadas
730 _aAhar shuddhi
942 _cBOOK
999 _c1399337
_d1399334